| 000 | 00329nam a22001337a 4500 | ||
|---|---|---|---|
| 020 | _a1566766885 | ||
| 082 |
_a628.43. _bQAS/WA |
||
| 100 |
_aQasim,Syed R. _927 |
||
| 245 | _aWastewater Treatment Plants: Planning, Design, and Operation | ||
| 250 | _a2 nd | ||
| 260 |
_aNew York _bCRC Press _c2010 |
||
| 300 | _a1106 | ||
| 942 | _cREF | ||
| 999 |
_c14568 _d14568 |
||